000 00420nam a22001457a 4500
003 OSt
082 _a631.3
_bOMN/DE
088 _aP 529
100 _aOmnarayan
_aSwapnesh Patel
_95139
245 _aDesign Analysis of a Manual Cassava Harvesting Tool
260 _a K C A E T.Tavanur
_bDepartment of Farm Machinery & Power Engeneering
_c2021
300 _a52 pages
700 _aJayan , P. R (guide)
_93764
942 _cPR
999 _c17488
_d17488